Luciana, Juan y Copete 2 / (Registro nro. 32689)
[ vista simple ]
| 000 -CABECERA | |
|---|---|
| campo fijo de control de longitud | 00666nam a22002417a 4500 |
| 001 - NÚMERO DE CONTROL | |
| campo de control | 32689 |
| 003 - IDENTIFICADOR DEL NÚMERO DE CONTROL | |
| campo de control | AR-RoBPED |
| 005 - FECHA Y HORADE LA ULTIMA TRANSACCION | |
| campo de control | 20260504184405.0 |
| 007 - | |
| campo fijo de control de longitud | ta |
| 008 - ELEMENTOS DE LONGITUD FIJA--INFORMACION GENERAL | |
| campo fijo de control de longitud | 260504s1989 ag a|||br 00| 0|spa d |
| 020 ## - ISBN | |
| ISBN | 9504601170 |
| 040 ## - FUENTE CATALOGADORA | |
| Centro catalogador/agencia de origen | AR-RoBPED |
| 041 ## - IDIOMA | |
| Código de idioma para texto/pista de sonido o título independiente | spa |
| 100 1# - ENCABEZAMIENTO PRINCIPAL--AUTOR PERSONAL | |
| Nombre de persona | Kaufman, Ana María |
| 245 10 - TITULO | |
| Título | Luciana, Juan y Copete 2 / |
| Mención de responsabilidad | Ana María Kaufman. |
| 260 ## - PUBLICACION | |
| Lugar | Buenos Aires : |
| Editor | Santillana, |
| Fecha | c1991. |
| 300 ## - DESCRIPCION FISICA | |
| Extensión | 128 p. : |
| Otros detalles físicos | il. ; |
| Dimensiones | 27 cm. |
| 650 #4 - TERMINO DE MATERIA--CONTROLADO | |
| Término controlado | LIBROS DE LECTURA |
| 9 (RLIN) | 15325 |
| Término controlado | SEGUNDO GRADO |
| 9 (RLIN) | 1622 |
| Término controlado | ARCHIVO INFANTIL |
| 9 (RLIN) | 24464 |
| 942 ## - ELEMENTOS KOHA | |
| Koha tipo de ítem | Libro |
| Fuente de clasificación | Universal Decimal Classification |
| Número Koha | K. 32689 |
| Clasificación | 372.4 |
| Pre signatura | IA |
| Signatura librística | K 26 l |
| 945 ## - PROCESAMIENTO DE LA INFORMACIÓN LOCAL | |
| Catalogador y fecha | cd 04/05/2026 - |
| Estado retirado | Estado perdido | Fuente de clasificación | Estado dañado | No se presta | Biblioteca propietaria | Biblioteca de reserva | Fecha de adquisición | Procedencia | Total de préstamos | Signatura topográfica completa | Código de barras (nº de inventario) | Fecha visto por última vez | Catalogador y fecha | Tipo de ítem Koha | Nota pública |
|---|---|---|---|---|---|---|---|---|---|---|---|---|---|---|---|
| Universal Decimal Classification | No se presta | Biblioteca Pedagógica Eudoro Díaz | Biblioteca Pedagógica Eudoro Díaz | 04/05/2026 | Donación | IA 372.4 K 26 l | 42426 | 04/05/2026 | cd 04/05/2026 | Libro | No se presta a domicilio. |